000 00688nam a2200205Ia 4500
001 16947
003 GE_BSU
008 181216s||||||||xx |||||||||||||| ||und||
040 _cGE_BSU
080 _a821.353.1-82
245 _aქართველ მწერალთა ნაწარმოებები
245 _bკრებული
245 _cრედ.ხ.ბერულავა.ილ.: გ. თოთიბაძე
260 _aთბილისი
260 _bნაკადული
260 _c1980
300 _a627გვ. ; 20სმ.
653 _aქართველ მწერალთა ნაწარმოებები.
942 _cBK
999 _c50010
_d50010